100 meilleurs joueurs de FIFA 24 - Statistiques

Statistiques générales
  • Ce quiz a été pris 56 fois
  • Le résultat moyen est 82 sur 100
Statistiques - réponses
Poste Club Nationalité Note Réponse % Correct
BU Manchester City Norvège 91 Erling Haaland
100%
BU PSG France 91 Kylian Mbappé
100%
AD Liverpool Egypte 89 Mohamed Salah
100%
BU Bayern Munich Angleterre 90 Harry Kane
98%
AG Tottenham Corée du Sud 87 Heung Min Son
98%
BU Al-Ittihad France 90 Karim Benzema
98%
MC Manchester City Belgique 91 Kevin De Bruyne
98%
AT Inter Miami Argentine 90 Lionel Messi
98%
G Real Madrid Belgique 90 Thibaut Courtois
98%
DC Liverpool Pays Bas 89 Virgil van Dijk
98%
G FC Barcelone Allemagne 89 Marc-André ter Stegen
96%
AG Al Hilal Brésil 89 Neymar Jr
96%
AD PSG France 86 Ousmane Dembélé
96%
BU FC Barcelone Pologne 90 Robert Lewandowski
96%
AG Real Madrid Brésil 89 Vinícius Júnior
96%
G Liverpool Brésil 89 Alisson
94%
BU Al Nassr Portugal 86 Cristiano Ronaldo
94%
G Manchester City Brésil 88 Ederson
94%
MC Real Madrid Croatie 87 Luka Modric
94%
MDC Manchester City Espagne 89 Rodri
94%
BU Naples Nigeria 88 Victor Osimhen
94%
MC Manchester City Portugal 88 Bernardo Silva
92%
MOC Manchester United Portugal 88 Bruno Fernandes
92%
DC PSG Brésil 87 Marquinhos
92%
DC Manchester City Portugal 89 Rúben Dias
92%
DC Chelsea Brésil 84 Thiago Silva
92%
BU Atlético Madrid France 88 Antoine Griezmann
90%
G Aston Villa Argentine 85 Emiliano Martínez
90%
G Atlético Madrid Slovénie 88 Jan Oblak
90%
MDC Bayern Munich Allemagne 88 Joshua Kimmich
90%
BU Inter Milan Argentine 87 Lautaro Martínez
90%
G Bayern Munich Allemagne 87 Manuel Neuer
90%
MC Real Madrid Uruguay 88 Federico Valverde
88%
MC FC Barcelone Pays Bas 87 Frenkie de Jong
88%
MC Real Madrid Angleterre 86 Jude Bellingham
88%
MOC Arsenal Norvège 87 Martin Ødegaard
88%
G Milan AC France 87 Mike Maignan
88%
MDC Al-Ittihad France 86 N'Golo Kanté
88%
DD Liverpool Angleterre 86 Trent Alexander-Arnold
88%
G PSG Italie 87 Gianluigi Donnarumma
86%
CM FC Barcelone Espagne 86 Pedri
86%
DG Liverpool Ecosse 86 Andrew Robertson
84%
AD Arsenal Angleterre 86 Bukayo Saka
84%
AT Chelsea France 86 Christopher Nkunku
84%
DG FC Barcelone Portugal 86 João Cancelo
82%
AG Naples Géorgie 86 Khvicha Kvaratskhelia
82%
MG Bayern Munich France 85 Kingsley Coman
82%
AT Al Nassr Sénégal 86 Sadio Mané
82%
MC Real Madrid Allemagne 86 Toni Kroos
82%
DC Real Madrid Allemagne 85 Antonio Rüdiger
80%
MDC Manchester United Brésil 89 Casemiro
80%
MOC Bayer Leverkusen Allemagne 85 Florian Wirtz
80%
G PSG Costa Rica 85 Keylor Navas
80%
AT AS Rome Argentine 86 Paulo Dybala
80%
AG Milan AC Portugal 86 Rafael Leão
80%
MD Al-Ahli Algérie 86 Riyad Mahrez
80%
BU Lazio Rome Italie 85 Ciro Immobile
78%
DC Real Madrid Autriche 85 David Alaba
78%
AT Liverpool Portugal 85 Diogo Jota
78%
AD Real Madrid Brésil 85 Rodrygo
78%
DC Real Madrid Brésil 86 Éder Militão
78%
DC PSG France 84 Lucas Hernández
78%
DC FC Barcelone Uruguay 86 Ronald Araujo
78%
DG Milan AC France 85 Theo Hernández
78%
G Manchester United Cameroun 85 André Onana
76%
MDC Arsenal Angleterre 85 Declan Rice
76%
G Borussia Dortmund Suisse 87 Gregor Kobel
76%
MOC Bayern Munich Allemagne 86 Jamal Musiala
76%
DC Manchester City Angleterre 85 John Stones
76%
DD Manchester City Angleterre 84 Kyle Walker
76%
MDC Newcastle Italie 86 Sandro Tonali
76%
G Al Hilal Maroc 85 Yassine Bounou
76%
AG Manchester City Angleterre 85 Jack Grealish
74%
DC FC Barcelone France 85 Jules Koundé
74%
DD Newcastle Angleterre 85 Kieran Trippier
74%
CM Inter Milan Italie 86 Nicolò Barella
74%
DC Al Nassr Espagne 85 Aymeric Laporte
72%
CM FC Barcelone Allemagne 86 Ilkay Gündogan
72%
DC Bayern Munich Pays Bas 86 Matthijs de Ligt
72%
AT Atlético Madrid Pays Bas 84 Memphis Depay
72%
MC Al Hilal Serbie 86 Sergej Milinkovic-Savic
72%
MC Bayern Munich Allemagne 85 Leon Goretzka
70%
AG Manchester City Angleterre 85 Phil Foden
70%
DC Manchester United France 85 Raphaël Varane
70%
DC Inter Milan Italie 85 Alessandro Bastoni
68%
MG Juventus Italie 84 Federico Chiesa
68%
AT Celta Vigo Espagne 85 Iago Aspas
68%
AG Manchester United Angleterre 85 Marcus Rashford
68%
MOC Bayern Munich Allemagne 84 Thomas Müller
68%
MDC Arsenal Ghana 85 Thomas Partey
66%
MC Inter Milan Turquie 85 Hakan Çalhanoğlu
64%
G Eintracht Francfort Allemagne 85 Kevin Trapp
64%
DD Chelsea Angleterre 84 Reece James
64%
DD Naples Italie 85 Giovanni Di Lorenzo
62%
G Juventus Pologne 86 Wojciech Szczesny
60%
CM Villarreal Espagne 86 Dani Parejo
58%
DG FC Seville Argentine 85 Marcos Acuña
54%
AD Sassuolo Italie 85 Domenico Berardi
54%
MOC Tottenham Angleterre 84 James Maddison
54%
Aucun quiz correspondant
Distribution des résultats
% des personnes avec chaque résultat
Percentile par nombre de réponses
Votre historique - résultats
Vous n’avez pas pris ce quiz